Szczegóły MARC21

Schilten : Schulbericht zuhanden der Inspektorenkonferenz /

003 -Nazwa inst., której nr kontr. jest w polu 001 [,]
    • @
    • Nazwa instytucji, której n kontrolny jest w polu 001
    • NUKAT
005 -DATA I CZAS OSTATNIEJ MODYFIKACJI [,]
    • @
    • pole kontrolne
    • 20241231115752.0
020 -Międzynarod. znormalizowany nr książki - ISBN [ , ]
    • a
    • Numer ISBN
    • 3596220866 Find
040 -Instytucja sporządzająca opis [ , ]
    • a
    • Instytucja, która sporządziła opis (NP)
    • WA U/70MST
    • c
    • Instytucja, która sporządziła rekord (NP)
    • WA U/MST
    • d
    • Instytucja, która zmodyfikowała rekord (P)
    • WA U/AO
    • d
    • Instytucja, która zmodyfikowała rekord (P)
    • SZCZ U/MCs
942 -Rodzaj dokumentu [ , ]
    • c
    • Rodzaj dokumentu
    • Książka
100 -Hasło główne - nazwa osobowa [1, ]
    • a
    • Nazwa osobowa (NP)
    • Burger, Hermann
    • d
    • Daty biograficzne (NP)
    • (1942-1989).
    • 9
    • KHW
    • 231291
245 -Strefa tytułu i oznaczenia odpowiedzialności [1,0]
    • a
    • Tytuł
    • Schilten : Find
    • b
    • Ciąg dalszy tytułu (NP)
    • Schulbericht zuhanden der Inspektorenkonferenz / Find
    • c
    • Pozostałe elementy strefy tytułu i oznaczenia odpowiedzialności (NP)
    • Hermann Burger.
260 -Strefa adresu wydawniczego [ , ]
    • a
    • Miejsce wydania (P)
    • Frankfurt am Main :
    • b
    • Nazwa wydawcy (P)
    • Fischer,
    • c
    • Data wydania (P)
    • 1991.
300 -Strefa opisu fizycznego [ , ]
    • a
    • Określenie formy książki i/lub objętość (NP)
    • 306 s. ;
    • c
    • Format (NP)
    • 18 cm.
336 -Typ zawartości [ , ]
    • a
    • Termin opisujący typ zawartości
    • Tekst
    • b
    • Kod określający zawartość
    • txt
    • 2
    • Źródło (terminu i kodu)
    • rdacontent
337 -Typ mediów [ , ]
    • a
    • Tryb odtwarzania
    • Bez urządzenia pośredniczącego
    • b
    • Kod typu mediów
    • n
    • 2
    • Źródło (terminu i kodu)
    • rdamedia
338 -Typ/rodzaj nośnika [ , ]
    • a
    • Hasło opisujące typ nośnika
    • Wolumin
    • b
    • Kod typu nośnika
    • nc
    • 2
    • Źródło (terminu i kodu)
    • rdacarrier
490 -Strefa serii i książki wielotomowej - forma nie do wyszukiwania [1, ]
    • a
    • Tytuł (P)
    • Roman Fischer Find
830 -Hasło dodatkowe serii i opisu książki wielotomowej - tytuł ujednolicony/tytuł [ ,0]
    • a
    • Tytuł ujednolicony/tytuł (NP)
    • Fischer-Taschenbücher.
    • p
    • Nazwa części/podserii/sekcji (P)
    • Roman
    • 9
    • KHW
    • 433623
830 -Hasło dodatkowe serii i opisu książki wielotomowej - tytuł ujednolicony/tytuł [ ,0]
    • a
    • Tytuł ujednolicony/tytuł (NP)
    • Fischer-Taschenbücher
    • x
    • ISSN
    • 0173-5438
    • v
    • Oznaczenie tomu (NP)
    • Bd. 2086
    • 9
    • KHW
    • 12187
500 -Uwaga ogólna [ , ]
    • a
    • Uwaga ogólna (NP)
    • W serii gł. nr: 2086.
080 -Uniwersalna Klasyfikacja Dziesiętna [ , ]
    • a
    • Symbol klasyfikacji
    • 830(494)-3=30
655 -Hasło w funkcji tematu formalnego [ ,7]
    • a
    • Hasło
    • Powieść szwajcarska w języku niemieckim
    • y
    • Określnik chronologiczny
    • 1990-.
    • 2
    • Źródło terminu
    • kaba
    • 9
    • KHW
    • 430432
980 -Symbol UKD [ , ]
    • a
    • UKD
    • 830(494)-3=30
710 -Hasło dodatkowe - nazwa ciała zbiorowego [2, ]
    • a
    • Nazwa ciała zbiorowego lub nazwa geograficzna jako pierwszy element (NP)
    • Fischer Taschenbuch Verlag.
    • 4
    • Kod relacji
    • pbl
    • 9
    • KHW
    • 68672
920 -ISBN [ , ]
    • a
    • ISBN
    • 3-596-22086-6 Find
Data inwentaryzacji Lokalizacja Numer inwentarzowy Status udost. Sygnatura
1998-09-18BMG.13961-3Germ. Literatura szwajcarska
1995-10-19BMG.11382-3Germ. Literatura szwajcarska